00869nam a2200193 i 4500001000700000003000900007005001700016007000300033008004100036100002600077245016200103260008300265300002100348500007500369710005400444852003200498999001900530952012600549101401ES-MaACL20230906182906.0t|051018s1956 zzz ||||1| fre d1 aMayer, René.97936310aL'activité de la Communauté b: Assemblée Commune. Session ordinaire 1955-56 / cexposé de Monsieur René Mayer, Président de la Haute Autorité. aStrasbourg : bService des Publications de la Communauté Européene,c1956. a58 p. ; c19 cm. aPrecede al tít.: Communauté Européenne du Charbon et de l'Acier.2 aComunidad Europea del Carbón y del Acero.93133 aES-MaACLjC-21575 bR.39663 c101401d101401 00104070aATENEOMbATENEOMcGaleríad2008-01-17eSCl0oC-21575p1105868r2023-02-23 00:00:00w2023-02-23yMONOGRAFIA